00388nam a2200169Ia 4500008004100000020001400041050001400055100002100069245001400090245002400104260001000128260001400138260000900152300001600161300002000177300002100197170918s9999 xx 000 0 und d a316160202 bM613 2007 aMeyer, Stephanie aEclipse / cby Stephanie Meyer. aUSA : bMT Books, c2007 a629 pages : billustrations ; eTwilight series.